|
|
|
|
| LEADER |
00000nam0a2200000 4500 |
| 001 |
68407 |
| 005 |
20231101212401.0 |
| 010 |
|
|
|a 5947238934
|
| 035 |
|
|
|a (RuTPU)RU\TPU\book\72848
|
| 090 |
|
|
|a 68407
|
| 100 |
|
|
|a 20041005d2004 m y0rusy50 ca
|
| 101 |
0 |
|
|a rus
|
| 102 |
|
|
|a RU
|
| 105 |
|
|
|a a j 001zy
|
| 200 |
1 |
|
|a Криминалистика
|e пособие для подготовки к экзамену
|f С. А. Роганов
|
| 210 |
|
|
|a СПб.
|c Питер
|d 2004
|
| 215 |
|
|
|a 192 с.
|c ил.
|
| 225 |
1 |
|
|a Завтра экзамен
|
| 320 |
|
|
|a Библиогр.: с. 188-191
|
| 606 |
1 |
|
|a Криминалистика
|y Россия
|2 stltpush
|3 (RuTPU)RU\TPU\subj\16259
|9 42393
|
| 610 |
1 |
|
|a право
|
| 610 |
1 |
|
|a теории
|
| 610 |
1 |
|
|a криминалистическая техника
|
| 610 |
1 |
|
|a фотографии
|
| 610 |
1 |
|
|a оружиеведение
|
| 610 |
1 |
|
|a документоведение
|
| 610 |
1 |
|
|a следственный осмотр
|
| 610 |
1 |
|
|a показания
|
| 610 |
1 |
|
|a задержание
|
| 610 |
1 |
|
|a обыски
|
| 610 |
1 |
|
|a опознание
|
| 610 |
1 |
|
|a следственные эксперименты
|
| 610 |
1 |
|
|a преступления
|
| 610 |
1 |
|
|a методика
|
| 610 |
1 |
|
|a расследования
|
| 610 |
1 |
|
|a убийства
|
| 610 |
1 |
|
|a кражи
|
| 610 |
1 |
|
|a изнашивание
|
| 610 |
1 |
|
|a учебные пособия
|
| 686 |
|
|
|a Х629.4
|v LBC/SL-A
|2 rubbk
|
| 700 |
|
1 |
|a Роганов
|b С. А.
|g Сергей Александрович
|
| 801 |
|
1 |
|a RU
|b 63413507
|c 20041005
|g PSBO
|
| 801 |
|
2 |
|a RU
|b 63413507
|c 20180910
|g PSBO
|
| 942 |
|
|
|c BK
|
| 959 |
|
|
|a 119/20040924
|d 1
|e 35
|f ЧЗГЛ:1
|